| 000 | 00550nam a22001697a 4500 | ||
|---|---|---|---|
| 005 | 20231110073614.0 | ||
| 008 | 231110b |||||||| |||| 00| 0 eng d | ||
| 020 | _a9789994561216 | ||
| 041 | _aEnglish | ||
| 082 | _a346.1 RAP | ||
| 100 | _lEnglish | ||
| 245 |
_aRape in Namibia : _bAn assessment of the operation of the Combating of Rape Act 8 of 2000 Full Report |
||
| 260 |
_aWindhoek : _bLegal Assistance Centre, _c2006 |
||
| 300 |
_bx, 593 pages ; _c30 cm. |
||
| 650 |
_aLegal practice _bLaw |
||
| 942 |
_cBK _6ALISON_BN_VRIES |
||
| 999 |
_c512 _d512 |
||